Language Quiz

Random Language Quiz

Rhymes With Tree (3-Letters) Quiz Stats

 Plays Quiz not verified by Sporcle

Also try: Rhymes With Oak
Challenge
Share
Tweet
Score 0/22 Timer 02:00
2 Plays Today
% Correct
bee
99%
see
97.6%
tee
95%
fee
94.5%
lee
94.5%
pee
94.2%
gee
93.4%
wee
90.7%
dee
89.4%
vee
78.3%
cee
77.3%
% Correct
zee
77.2%
tea
77.2%
sea
72.6%
lea
68.8%
key
66.8%
pea
59.9%
she
55.9%
the
40.4%
ski
31.9%
sri
6.9%
cay
4.9%

You're not logged in!

Compare scores with friends on all Sporcle quizzes.
Join for Free
OR
Log In

You Might Also Like...

Show Comments

Extras

Editor's Pick Sep 6, 2013SourceReportNominate
Tags:3-letter, rhyme, Rhymes With, tree

Top Quizzes Today


Score Distribution

Your Account Isn't Verified!

In order to create a playlist on Sporcle, you need to verify the email address you used during registration. Go to your Sporcle Settings to finish the process.

Report this User

Report this user for behavior that violates our Community Guidelines.

Details: